02272nam a22002777a 450000500170000000800410001702000180005804000070007604100080008308200200009110000140011124500270012526000450015230000250019736500620022252007510028452107890103565000170182465000230184165000240186465000260188865000200191465000170193465000150195165000280196620260106115118.0230209b ||||| |||| 00| 0 eng d a9788121942904 cAL aeng 223a620.8bDUBA aR C Dubey aAdvanced biotechnology aNew DelhibS Chand and Company Ltdc2020 axx,1162p.bPBc23x16 2Biotechnologya7719b559.00c₹d699.00e20%f06-02-2023 aThe book embodies 22 chapters covering various important disciplines of biotechnology, such as cell biology, molecular biology, molecular genetics, biophysical methods, genomics and proteomics, metagenomics, enzyme technology, immune-technology, transgenic plants and animals, industrial microbiology and environmental biotechnology. The book is illustrative. It is written in a simple language so that the students can easily grasp the matter. Possible questions have been written at the end of each chapter so that the matter can be thoroughly understood. Glossary of some important technical terms has been incorporated. Subject index has been given at the end of the book so that the students may search the related topics with complete case. aTable of Content Chapter 1: Introduction Chapter 2: Cell Biology Chapter 3: Molecular Biology Chapter 4: Molecular Genetics Chapter 5: Biophysical Methods (= Biophysics) Chapter 6: Dna Modifying Enzymes And Restriction Endonucleases Chapter 7: Cloning Vectors Chapter 8: Methods Of Gene Manipulation Chapter 9: Gene Therapy Chapter 10: Dna Profiling Chapter 11: Proteins: Structure, Engineering And Design Chapter 12: Bioinformatics Chapter 13: Genomics And Proteomics Chapter 14: Metagenomics Chapter 15: Enzyme Technology Chapter 16: Immunology Chapter 17: Immunotechnology Chapter 18: Plant Biotechnology Chapter 19: Transgenic Plants Chapter 20: Transgenic Animals (= Animal Biotechnology) Chapter 21: Industrial Microbiology Chapter 22: Environmental Biotechnology Glossary Index aCell Biology aMolecular Genetics aBiophysical Methods aDNA Modifying Enzymes aCloning Vectors aGene Therapy aImmunology aIndustrial Microbiology